Taylor Swift Songs Starting With Y - Statistics

General Stats
  • This quiz has been taken 78 times
  • The average score is 4 of 7
Answer Stats
Answer % Correct
You Belong With Me
85%
You're On Your Own, Kid
79%
You Need To Calm Down
66%
You Are In Love
61%
You're Not Sorry
59%
You All Over Me
48%
You're Losing Me
41%
No matching quizzes found
Score Distribution
Percent of People with Each Score
Percentile by Number Answered
Your Score History
You have not taken this quiz